Presidents of the United States - Statistics

General Stats
  • This quiz has been taken 3,211 times
    3,173 since last reset
  • The average score is 34 of 44
Answer Stats
Hint Answer % Correct
1 George Washington
99%
44 Barack Obama
97%
41 George H W Bush
96%
43 George W Bush
96%
42 Bill Clinton
94%
16 Abraham Lincoln
93%
32 Franklin D Roosevelt
93%
26 Theodore Roosevelt
92%
2 John Adams
91%
35 John F Kennedy
91%
6 John Quincy Adams
91%
3 Thomas Jefferson
91%
37 Richard Nixon
89%
17 Andrew Johnson
87%
36 Lyndon B Johnson
87%
40 Ronald Reagan
87%
34 Dwight D Eisenhower
84%
39 Jimmy Carter
84%
7 Andrew Jackson
82%
38 Gerald Ford
82%
4 James Madison
80%
33 Harry S Truman
77%
31 Herbert Hoover
77%
5 James Monroe
77%
18 Ulysses S Grant
77%
28 Woodrow Wilson
75%
27 William Howard Taft
73%
23 Benjamin Harrison
71%
11 James K Polk
71%
9 William Henry Harrison
71%
22 Grover Cleveland
69%
24 Grover Cleveland
69%
30 Calvin Coolidge
68%
8 Martin Van Buren
68%
10 John Tyler
67%
12 Zachary Taylor
66%
20 James A Garfield
65%
25 William McKinley
64%
15 James Buchanan
61%
14 Franklin Pierce
60%
29 Warren G Harding
60%
13 Millard Fillmore
59%
19 Rutherford B Hayes
59%
21 Chester A Arthur
57%
No matching quizzes found
Score Distribution
Percent of People with Each Score
Percentile by Number Answered
Your Score History
You have not taken this quiz since the last reset